Changing valency : case studies in transitivity /

Bibliographic Details
Other Authors: Dixon, Robert M. W., 1939-, Aĭkhenvalʹd, A. I︠U︡. (Aleksandra I︠U︡rʹevna)
Format: Book
Language:English
Published: Cambridge ; New York : Cambridge University Press, 2000.
Subjects:

MARC

Tag First Indicator Second Indicator Subfields
LEADER 00000cam a2200000 a 4500
001 in00001533021
005 20180526063408.0
008 990317s2000 enka b 001 0 eng
010 |a  99024413  
020 |a 0521660394 
035 |a (OCoLC)41026545 
040 |a DLC  |c DLC  |d TXA  |d UtOrBLW 
049 |a TXAM 
050 0 0 |a P281  |b .C48 2000 
082 0 0 |a 415  |2 21 
245 0 0 |a Changing valency :  |b case studies in transitivity /  |c edited by R.M.W. Dixon and Alexandra Y. Aikhenvald. 
264 1 |a Cambridge ;  |a New York :  |b Cambridge University Press,  |c 2000. 
300 |a xvi, 413 pages :  |b illustrations ;  |c 25 cm. 
336 |a text  |b txt  |2 rdacontent 
337 |a unmediated  |b n  |2 rdamedia 
338 |a volume  |b nc  |2 rdacarrier 
504 |a Includes bibliographical references and indexes. 
650 0 |a Grammar, Comparative and general  |x Verb. 
650 0 |a Grammar, Comparative and general  |x Transitivity. 
650 0 |a Grammar, Comparative and general  |x Voice. 
650 0 |a Typology (Linguistics) 
650 0 |a Dependency grammar. 
700 1 |a Dixon, Robert M. W.,  |d 1939- 
700 1 |a Aĭkhenvalʹd, A. I︠U︡.  |q (Aleksandra I︠U︡rʹevna) 
994 |a E0  |b TXA 
948 |a cataloged  |b h  |c 2000/5/4  |d c  |e jmspeck  |f 2:13:33 pm 
999 |a MARS 
999 f f |s 19b5414c-09fa-3d33-90e5-01a4a22faf2f  |i 1b042ef0-5b11-3fcf-bbcf-22e844091e9f  |t 0 
952 f f |p ric  |a Texas A&M University  |b Rellis Campus  |c Joint Library Facility  |s JLF  |d Remote Storage  |t 0  |e P281 .C48 2000  |h Library of Congress classification  |i unmediated -- volume  |m A14826139492 
998 f f |a P281 .C48 2000  |t 0  |l Remote Storage